Sechs nächstgelegene Länder – Belgien - Statistiken

Allgemein
  • Dieses Quiz wurde 173 mal gespielt
  • Das Durchschnittsergebnis liegt bei 5 aus 6
Antwortstatistiken
km Land % Korrekt
0 Deutschland
96%
0 Niederlande
96%
0 Frankreich
91%
0 Luxemburg
90%
254 Schweiz
43%
80 Vereinigtes Königreich
39%
Keine übereinstimmenden Quizze gefunden
Verteilung der Resultate
Anzahl Personen mit jedem Resultat
Perzentil nach korrekt beantworteten Fragen
Ihre Resultats-Entwicklung
Sie haben dieses Quiz noch nicht gespielt